[Event "RUS-ch Men Blitz 2019"]
[Site "Sochi"]
[Date "2019.10.17"]
[Round "3.27"]
[White "Usmanov, Ilnur"]
[Black "Eraschenkov, Denis"]
[Result "0-1"]
[WhiteElo "2144"]
[BlackElo "2382"]
[Annotator "TA"]
[PlyCount "98"]
[EventDate "2019.10.17"]
[EventType "swiss"]
[EventCountry "RUS"]
[SourceTitle "playchess.com"]
[Source "ChessBase"]
[SourceQuality "1"]

{[%evp 21,98,17,18,7,47,28,21,0,104,20,34,0,0,0,0,0,0,-58,-44,-140,-139,-131,-126,-232,-233,-231,-219,-237,-231,-228,-224,-227,-206,-191,0,0,0,0,0,-15,0,-93,0,0,0,0,0,0,0,0,0,0,0,0,0,0,0,0,0,0,0,0,0,-48,-48,-12844,-12844,-12845,-12845,-12845,-12846,-12846,-12847,-12847,-12847,-12848,-12847,-12850,-12849]} 1. c4 g6 2. Nc3 Bg7 3. g3 Nf6 4. Bg2 d6 5. d4 O-O 6. e3 c5 7. Nge2 Nc6 8. O-O cxd4 9. Nxd4 Bd7 10. b3 Qa5 11. Bb2 Rfc8 12. Qd2 {E60: King's Indian: Unusual lines and Fianchetto Variation without Nc3} Qh5 $146 ({Predecessor:} 12... Rab8 13. Rad1 a6 14. a3 b5 15. b4 Qd8 16. c5 Ne5 17. cxd6 exd6 18. Nd5 Bg4 19. Nxf6+ Qxf6 {0-1 (49) Sjugirov,S (2650)-Kovalev,V (2639) Riadh 2017}) 13. Nd5 Nxd5 14. cxd5 {The position is equal.} Ne5 (14... Nxd4 $11 15. Bxd4 Bxd4 16. Qxd4 Rc2) 15. Rfc1 (15. f4 $1 $16) 15... Bg4 $11 16. f4 (16. e4 {is interesting.} Bh3 17. Re1 Nd7 18. Rac1 Rc5 19. Nf3) 16... Nf3+ 17. Nxf3 {Hoping for Bxg7.} Bxb2 18. Qxb2 {Black must now prevent Nd4.} Bxf3 19. Rxc8+ Rxc8 20. Rc1 (20. e4 $15) 20... Rxc1+ $17 21. Qxc1 Bxg2 ({Worse is} 21... Bxd5 22. Qc8+ Kg7 23. g4 $16) 22. Qc8+ (22. Kxg2 $17 {was the only defense.} Qxd5+ 23. Kf2) 22... Kg7 $19 23. Qc3+ f6 {( -> ...Qf3!)} 24. Kxg2 Qxd5+ {[%mdl 4096] Endgame KQ-KQ} 25. Kf2 Qh1 $1 26. h4 Qh2+ 27. Kf3 Qxa2 $2 ({Better is} 27... Qg1 $19 28. Qc2 Qh1+ 29. Qg2 Qxg2+ 30. Kxg2 f5) 28. Qc7 $11 Qxb3 {Threatens to win with ...Kf7.} 29. Qxe7+ Qf7 30. Qxd6 b5 31. e4 {[#]} (31. g4 $11 {remains equal.}) 31... a5 (31... h5 $1 $17 {White should prevent ...Qb7.} 32. e5 Qb7+ 33. Ke3 fxe5 34. Qxe5+ Kf7) 32. e5 fxe5 33. Qxe5+ {[%mdl 64] Double Attack} Qf6 {...Qxe5 is the strong threat.} 34. Qxb5 Qc3+ 35. Kg4 Qc8+ 36. Kf3 Qa8+ 37. Kf2 Qa7+ 38. Kf3 a4 39. Qe5+ Kf7 40. f5 Qb7+ 41. Kf2 Qb6+ 42. Kg2 Qc6+ 43. Kh3 $2 {[%mdl 8192] [#]} (43. Kg1 $15) 43... Qh1+ $1 $19 {Black is clearly winning.} 44. Kg4 h5+ 45. Kf4 Qf1+ 46. Ke3 Qe1+ 47. Kd4 Qxe5+ 48. Kxe5 a3 {[%cal Ba4a3,Ba3a2][%mdl 32]} 49. g4 a2 {Accuracy: White = 34%, Black = 63%.} 0-1

[Event "RUS-ch Men Blitz 2019"]
[Site "Sochi"]
[Date "2019.10.17"]
[Round "3.28"]
[White "Airapetian, Gor"]
[Black "Dianov, Alexey"]
[Result "1-0"]
[WhiteElo "2447"]
[BlackElo "2158"]
[Annotator "NA"]
[PlyCount "89"]
[EventDate "2019.10.17"]
[EventType "swiss"]
[EventCountry "RUS"]
[SourceTitle "playchess.com"]
[Source "ChessBase"]
[SourceQuality "1"]
[TimeControl "180+2"]

1. d4 {[%emt 0:00:00]} d5 {[%emt 0:00:00]} 2. c4 {[%emt 0:00:00]} e5 {[%emt 0:00:00]} 3. dxe5 {[%emt 0:00:02]} d4 {[%emt 0:00:00]} 4. Nf3 {[%emt 0:00:01]} Nc6 {[%emt 0:00:01]} 5. g3 {[%emt 0:00:02]} Be6 {[%emt 0:00:01]} 6. Nbd2 Qd7 7. Bg2 {[%emt 0:00:20]} Nge7 {[%emt 0:00:01]} 8. O-O Ng6 9. Qa4 {[%emt 0:00:34]} O-O-O {[%emt 0:00:13]} 10. b4 {[%emt 0:00:07]} Kb8 {[%emt 0:00:03]} 11. a3 {[%emt 0:00:50]} Ncxe5 {[%emt 0:00:08]} 12. Qxd7 {[%emt 0:00:02]} Rxd7 {[%emt 0:00:10]} 13. Bb2 {[%emt 0:00:17]} Nxc4 {[%emt 0:00:12]} 14. Nxc4 {[%emt 0:00:02]} Bxc4 {[%emt 0:00:01]} 15. Nxd4 {[%emt 0:00:01]} Be7 {[%emt 0:00:11]} 16. Rac1 {[%emt 0:00:05]} Ba2 {[%emt 0:00:06]} 17. Nf5 {[%emt 0:00:06]} Bf6 {[%emt 0:00:05]} 18. Bxf6 {[%emt 0:00:31]} gxf6 {[%emt 0:00:01]} 19. Rfd1 {[%emt 0:00:15]} Rhd8 {[%emt 0:00:04]} 20. Rxd7 {[%emt 0:00:01]} Rxd7 {[%emt 0:00:01]} 21. f4 {[%emt 0:00:01]} Be6 {[%emt 0:00:19]} 22. Ne3 {[%emt 0:00:01]} Ne7 {[%emt 0:00:01]} 23. Kf2 {[%emt 0:00:02]} c6 {[%emt 0:00:09]} 24. Be4 {[%emt 0:00:04]} h6 {[%emt 0:00:09]} 25. f5 {[%emt 0:00:09]} Bb3 {[%emt 0:00:01]} 26. Ng4 {[%emt 0:00:04]} Rd2 {[%emt 0:00:13]} 27. Nxh6 {[%emt 0:00:07]} Bd5 {[%emt 0:00:21]} 28. Bd3 {[%emt 0:00:04]} Ra2 {[%emt 0:00:02]} 29. Ng4 {[%emt 0:00:01]} Rxa3 {[%emt 0:00:30]} 30. Nxf6 {[%emt 0:00:01]} Rb3 {[%emt 0:00:06]} 31. h4 {[%emt 0:00:04]} a5 {[%emt 0:00:28]} 32. bxa5 {[%emt 0:00:02]} c5 {[%emt 0:00:11]} 33. h5 {[%emt 0:00:02]} c4 {[%emt 0:00:00]} 34. Bc2 {[%emt 0:00:04]} Rb5 {[%emt 0:00:06]} 35. h6 {[%emt 0:00:02]} Be6 {[%emt 0:00:05]} 36. e4 {[%emt 0:00:02]} Bxf5 {[%emt 0:00:03]} 37. exf5 {[%emt 0:00:01]} Nxf5 38. h7 {[%emt 0:00:03]} Nd4 {[%emt 0:00:04]} 39. h8=Q+ {[%emt 0:00:01]} Ka7 {[%emt 0:00:01]} 40. Be4 {[%emt 0:00:02]} Rb2+ {[%emt 0:00:01]} 41. Kf1 {[%emt 0:00:00]} Nb3 {[%emt 0:00:02]} 42. Rd1 {[%emt 0:00:02]} Nd2+ {[%emt 0:00:02]} 43. Rxd2 {[%emt 0:00:01]} Rxd2 {[%emt 0:00:00]} 44. Nd5 {[%emt 0:00:01]} c3 {[%emt 0:00:02]} 45. Qxc3 {[%emt 0:00:01]} 1-0

[Event "RUS-ch Men Blitz 2019"]
[Site "Sochi"]
[Date "2019.10.17"]
[Round "3.29"]
[White "Shakhov, Dmitriy"]
[Black "Kovalchuk, Alexey"]
[Result "0-1"]
[WhiteElo "1568"]
[BlackElo "2388"]
[Annotator "TA"]
[PlyCount "100"]
[EventDate "2019.10.17"]
[EventType "swiss"]
[EventCountry "RUS"]
[SourceTitle "playchess.com"]
[Source "ChessBase"]
[SourceQuality "1"]

{[%evp 24,100,5,-7,0,-27,0,0,3,-14,-4,-14,-39,-41,-26,-35,147,-54,14,13,15,-39,-40,-71,-59,-112,-104,-122,-116,-150,-118,-140,-158,-148,-149,-156,-139,-135,-135,-166,-166,-152,-148,-206,-143,-143,-145,-145,-149,-149,-145,-144,-95,-120,-136,-265,-258,-288,-241,-752,-747,-671,-614,-29965,-12048,-29980,-29981,-29981,-29982,-29982,-29983,-29983,-29984,-29984,-29985,-29987,-29986,-29987,-29988]} 1. d4 d5 2. c4 e6 3. Nc3 Be7 4. Nf3 Nf6 5. Bg5 h6 6. Bh4 O-O 7. e3 b6 8. cxd5 Nxd5 9. Bxe7 Qxe7 10. Nxd5 exd5 11. Bd3 ({Predecessor:} 11. Be2 Be6 12. O-O Nd7 13. Rc1 c5 {½-½ (15) Kottemer,J (1820)-Potap,L (1892) Koblenz 2000}) 11... Be6 12. O-O c5 13. Rc1 Nd7 {D59: Queen's Gambit Declined: Tartakower Defence: Main line (8 cxd5 Nxd5)} 14. Ba6 $146 (14. dxc5 bxc5 {½-½ (14) Martinez Romero,M (2424)-Arenas Vanegas,D (2448) Sabadell 2019}) 14... Rab8 15. a4 Rfd8 {The position is equal.} 16. Qb3 c4 17. Qc3 Nf6 18. Ne5 Ne4 $36 {[%mdl 2048] Black has good play.} 19. Qc2 Qd6 $2 {[#]} (19... Bf5 $15 {stays ahead.} 20. Nc6 Qc7 21. Nxb8 (21. Nxd8 Ng3 $11) 21... Ng3) 20. f3 $2 ({White has to play} 20. Nxc4 $1 $16 {[%mdl 512]} dxc4 21. Qxe4) 20... Nf6 (20... Nc5 $1 $15 21. Bb5 a6 22. Nxc4 dxc4 23. dxc5 bxc5 24. Bxc4 Bxc4 25. Qxc4 Qd2) 21. b3 $11 {[%cal Rb3c4]} Nd7 22. bxc4 (22. Nxd7 $11 cxb3 23. Qxb3 Bxd7 24. Rc3) 22... Nxe5 $15 23. dxe5 Qxe5 24. Qc3 {[#]} (24. Rfe1 $15) 24... d4 $1 $17 {[%cal Rd4c3]} 25. exd4 Rxd4 ({Of course not} 25... Qxd4+ $6 26. Qxd4 Rxd4 27. Rfd1 $11) 26. c5 bxc5 27. Qxc5 Qxc5 28. Rxc5 Rxa4 29. Bd3 Rd8 30. Be4 Ra2 31. Rc2 Rxc2 32. Bxc2 $19 {[%mdl 4096] Endgame KRB-KRB} Rd2 33. Be4 (33. Rf2 $17 Rd4 34. Rf1) 33... g6 34. Ra1 Ra2 35. Rxa2 Bxa2 $17 {KB-KB} 36. Kf2 Kg7 37. Ke3 f5 38. Bc6 Kf6 39. Kd4 (39. g3 $17) 39... g5 $19 40. Kc5 Ke5 41. Kb5 $2 (41. Ba8) 41... Kd4 42. Ka6 Bd5 43. Bxd5 Kxd5 44. Kxa7 {K3P-K3P} Kd4 {Black mates.} 45. Kb7 Ke3 46. Kc6 Kf2 47. Kd6 Kxg2 48. Ke5 f4 49. Kf5 Kxh2 50. Kg4 Kg2 {Accuracy: White = 23%, Black = 65%.} 0-1

[Event "RUS-ch Men Blitz 2019"]
[Site "Sochi"]
[Date "2019.10.17"]
[Round "3.30"]
[White "Esipenko, Aleksandr"]
[Black "Timofeev, Artyom"]
[Result "0-1"]
[WhiteElo "2043"]
[BlackElo "2595"]
[Annotator "RC"]
[PlyCount "234"]
[EventDate "2019.10.17"]
[EventType "swiss"]
[EventCountry "RUS"]
[SourceTitle "playchess.com"]
[Source "ChessBase"]
[SourceQuality "1"]
[TimeControl "180+2"]

1. e4 {[%emt 0:00:00]} c5 {[%emt 0:00:00]} 2. Nf3 {[%emt 0:00:02]} d6 {[%emt 0:00:02]} 3. Bb5+ {[%emt 0:00:02]} Bd7 {[%emt 0:00:02]} 4. Bxd7+ {[%emt 0:00:02]} Nxd7 {[%emt 0:00:02]} 5. O-O {[%emt 0:00:02]} Ngf6 {[%emt 0:00:02]} 6. Re1 {[%emt 0:00:02]} Rc8 {[%emt 0:00:02]} 7. c3 {[%emt 0:00:02]} e6 {[%emt 0:00:02]} 8. d4 {[%emt 0:00:02]} cxd4 {[%emt 0:00:02]} 9. cxd4 {[%emt 0:00:02]} d5 {[%emt 0:00:02]} 10. e5 {[%emt 0:00:02]} Ne4 {[%emt 0:00:02]} 11. Nbd2 {[%emt 0:00:02]} Nxd2 {[%emt 0:00:02]} 12. Bxd2 {[%emt 0:00:02]} Be7 {[%emt 0:00:02]} 13. Bc3 {[%emt 0:00:02]} O-O {[%emt 0:00:02]} 14. Qd3 {[%emt 0:00:02]} Nb8 {[%emt 0:00:16]} 15. Nd2 {[%emt 0:00:19]} Nc6 {[%emt 0:00:04]} 16. Re3 {[%emt 0:00:13]} Nb4 {[%emt 0:00:12]} 17. Bxb4 {[%emt 0:00:14]} Bxb4 {[%emt 0:00:02]} 18. Rh3 {[%emt 0:00:02]} h6 {[%emt 0:00:14]} 19. Nb3 {[%emt 0:00:04]} Qc7 {[%emt 0:00:07]} 20. Qb5 {[%emt 0:00:27]} Qb6 {[%emt 0:00:18]} 21. Qe2 {[%emt 0:00:33]} a5 {[%emt 0:00:16]} 22. Qg4 {[%emt 0:00:08]} Kh8 {[%emt 0:00:16]} 23. Rg3 {[%emt 0:00:05]} Rg8 {[%emt 0:00:02]} 24. a4 {[%emt 0:00:03]} Qc6 {[%emt 0:00:04]} 25. Qh5 {[%emt 0:00:06]} Rc7 {[%emt 0:00:10]} 26. h3 {[%emt 0:00:07]} Rgc8 {[%emt 0:00:28]} 27. Rf3 {[%emt 0:00:07]} Qe8 {[%emt 0:00:02]} 28. Kh2 {[%emt 0:00:16]} b6 {[%emt 0:00:01]} 29. Rd1 {[%emt 0:00:02]} Bf8 {[%emt 0:00:02]} 30. Ra1 {[%emt 0:00:01]} g6 {[%emt 0:00:05]} 31. Qg4 {[%emt 0:00:01]} Rc2 {[%emt 0:00:04]} 32. Qf4 {[%emt 0:00:02]} R8c7 {[%emt 0:00:02]} 33. Ra2 {[%emt 0:00:14]} Kg8 {[%emt 0:00:02]} 34. Qe3 {[%emt 0:00:05]} R2c4 {[%emt 0:00:11]} 35. Qd3 {[%emt 0:00:07]} Rxa4 {[%emt 0:00:04]} 36. Rxa4 {[%emt 0:00:01]} Qxa4 {[%emt 0:00:01]} 37. Qa6 {[%emt 0:00:00]} Qc6 {[%emt 0:00:01]} 38. Rc3 {[%emt 0:00:04]} Qd7 {[%emt 0:00:02]} 39. Qxb6 {[%emt 0:00:05]} Rb7 {[%emt 0:00:39]} 40. Qa6 {[%emt 0:00:04]} Kg7 {[%emt 0:00:04]} 41. Nxa5 {[%emt 0:00:04]} Rxb2 {[%emt 0:00:01]} 42. Rf3 {[%emt 0:00:01]} Rd2 {[%emt 0:00:05]} 43. Nb3 {[%emt 0:00:01]} Rd1 {[%emt 0:00:01]} 44. Qe2 {[%emt 0:00:03]} Rb1 {[%emt 0:00:02]} 45. Qd3 {[%emt 0:00:02]} Rb2 {[%emt 0:00:01]} 46. Nc1 {[%emt 0:00:06]} Qb5 {[%emt 0:00:02]} 47. Qxb5 {[%emt 0:00:03]} Rxb5 {[%emt 0:00:01]} 48. Rd3 {[%emt 0:00:00]} Rb2 {[%emt 0:00:01]} 49. Kg3 {[%emt 0:00:02]} g5 {[%emt 0:00:02]} 50. Kf3 {[%emt 0:00:01]} Kg6 {[%emt 0:00:01]} 51. g4 {[%emt 0:00:01]} Rc2 {[%emt 0:00:02]} 52. Ne2 {[%emt 0:00:01]} Bb4 {[%emt 0:00:01]} 53. Ng3 {[%emt 0:00:02]} Be1 {[%emt 0:00:02]} 54. Nh1 {[%emt 0:00:02]} Rc4 {[%emt 0:00:04]} 55. Ng3 {[%emt 0:00:01]} Bc3 {[%emt 0:00:01]} 56. Ne2 {[%emt 0:00:00]} Bb2 {[%emt 0:00:01]} 57. Rd2 {[%emt 0:00:01]} Ba1 {[%emt 0:00:01]} 58. Rd1 {[%emt 0:00:01]} Bb2 59. Rd2 Ba3 {[%emt 0:00:02]} 60. Rd3 {[%emt 0:00:02]} Be7 {[%emt 0:00:01]} 61. Rb3 {[%emt 0:00:02]} f6 {[%emt 0:00:04]} 62. exf6 {[%emt 0:00:02]} Bxf6 {[%emt 0:00:01]} 63. Rb6 {[%emt 0:00:01]} Kf7 {[%emt 0:00:01]} 64. Rb7+ {[%emt 0:00:00]} Be7 {[%emt 0:00:01]} 65. Ke3 {[%emt 0:00:03]} Ra4 {[%emt 0:00:01]} 66. Rb3 {[%emt 0:00:01]} Bd6 {[%emt 0:00:02]} 67. Kf3 {[%emt 0:00:03]} Ra1 {[%emt 0:00:01]} 68. Rb7+ {[%emt 0:00:02]} Kf6 {[%emt 0:00:02]} 69. Rh7 {[%emt 0:00:02]} Bf8 {[%emt 0:00:01]} 70. Rb7 {[%emt 0:00:04]} Ra3+ {[%emt 0:00:02]} 71. Kg2 {[%emt 0:00:02]} Rd3 {[%emt 0:00:01]} 72. Rc7 {[%emt 0:00:04]} Ba3 {[%emt 0:00:02]} 73. Rc3 {[%emt 0:00:01]} Rxc3 {[%emt 0:00:02]} 74. Nxc3 {[%emt 0:00:00]} Bb2 {[%emt 0:00:01]} 75. Nb5 {[%emt 0:00:01]} Ke7 {[%emt 0:00:02]} 76. Kf3 {[%emt 0:00:01]} Kd7 {[%emt 0:00:02]} 77. Ke3 {[%emt 0:00:03]} Kc6 {[%emt 0:00:01]} 78. Na7+ {[%emt 0:00:01]} Kb6 {[%emt 0:00:10]} 79. Nc8+ {[%emt 0:00:01]} Kb5 {[%emt 0:00:01]} 80. Kd3 {[%emt 0:00:01]} Kc6 {[%emt 0:00:04]} 81. Ne7+ {[%emt 0:00:01]} Kd7 {[%emt 0:00:01]} 82. Ng8 {[%emt 0:00:05]} Ke8 {[%emt 0:00:01]} 83. Nf6+ {[%emt 0:00:03]} Ke7 {[%emt 0:00:01]} 84. Nh5 {[%emt 0:00:07]} Bc1 {[%emt 0:00:02]} 85. Ng3 {[%emt 0:00:02]} Bf4 {[%emt 0:00:02]} 86. Ne2 {[%emt 0:00:01]} Bd6 {[%emt 0:00:00]} 87. Nc3 {[%emt 0:00:01]} Kd7 {[%emt 0:00:02]} 88. Ne2 {[%emt 0:00:11]} Kc6 {[%emt 0:00:01]} 89. Ng1 {[%emt 0:00:02]} Kb5 {[%emt 0:00:01]} 90. Nf3 {[%emt 0:00:01]} Kb4 {[%emt 0:00:03]} 91. Nd2 {[%emt 0:00:05]} Bf4 {[%emt 0:00:03]} 92. Nf3 {[%emt 0:00:08]} Kb3 {[%emt 0:00:01]} 93. Ne1 {[%emt 0:00:02]} Kb2 {[%emt 0:00:02]} 94. Nc2 {[%emt 0:00:01]} Kc1 {[%emt 0:00:02]} 95. Nb4 {[%emt 0:00:04]} Kd1 {[%emt 0:00:02]} 96. Nc6 {[%emt 0:00:01]} Ke1 {[%emt 0:00:02]} 97. Ne7 {[%emt 0:00:01]} Kxf2 {[%emt 0:00:02]} 98. Ng8 {[%emt 0:00:01]} Kg3 {[%emt 0:00:02]} 99. Nxh6 {[%emt 0:00:02]} Kxh3 {[%emt 0:00:01]} 100. Ke2 {[%emt 0:00:01]} Kg3 {[%emt 0:00:03]} 101. Kd3 {[%emt 0:00:01]} Kf3 {[%emt 0:00:01]} 102. Kc3 {[%emt 0:00:03]} Bc7 {[%emt 0:00:04]} 103. Kd3 {[%emt 0:00:01]} Ba5 {[%emt 0:00:02]} 104. Kc2 {[%emt 0:00:03]} Ke4 {[%emt 0:00:02]} 105. Nf7 {[%emt 0:00:01]} Kf4 {[%emt 0:00:01]} 106. Nh6 {[%emt 0:00:02]} Bb4 {[%emt 0:00:09]} 107. Kd3 {[%emt 0:00:04]} Bf8 {[%emt 0:00:01]} 108. Nf7 {[%emt 0:00:01]} Kxg4 {[%emt 0:00:01]} 109. Nd8 {[%emt 0:00:01]} Kf5 {[%emt 0:00:02]} 110. Ke3 {[%emt 0:00:02]} Bd6 {[%emt 0:00:01]} 111. Nb7 {[%emt 0:00:03]} Bf4+ {[%emt 0:00:02]} 112. Kf2 {[%emt 0:00:03]} g4 {[%emt 0:00:04]} 113. Kg2 {[%emt 0:00:01]} Be3 {[%emt 0:00:02]} 114. Nd6+ {[%emt 0:00:02]} Kf4 {[%emt 0:00:01]} 115. Nb5 {[%emt 0:00:03]} Bc1 {[%emt 0:00:07]} 116. Nc7 {[%emt 0:00:01]} Kf5 {[%emt 0:00:01]} 117. Kg3 {[%emt 0:00:02]} Bf4+ {[%emt 0:00:01]} 0-1

[Event "RUS-ch Men Blitz 2019"]
[Site "Sochi"]
[Date "2019.10.17"]
[Round "3.31"]
[White "Ovod, Evgenija"]
[Black "Kokarev, Dmitry"]
[Result "0-1"]
[WhiteElo "2347"]
[BlackElo "2593"]
[Annotator "ChessBase"]
[PlyCount "70"]
[EventDate "2019.10.17"]
[EventType "swiss"]
[EventCountry "RUS"]
[SourceTitle "playchess.com"]
[Source "ChessBase"]
[SourceQuality "1"]
[TimeControl "180+2"]

1. e4 c5 2. c3 Nf6 3. e5 Nd5 4. Nf3 d6 5. d4 cxd4 6. cxd4 Nc6 7. Bc4 dxe5 8. dxe5 Ndb4 9. Qb3 e6 10. O-O Na5 11. Qa4+ Bd7 12. Bb5 Bxb5 13. Qxb5+ Nac6 14. Nc3 a6 15. Qe2 Qd3 16. Re1 Be7 17. a3 Qxe2 18. Rxe2 Nd3 19. b4 Rc8 20. Bd2 O-O 21. b5 axb5 22. Nxb5 Rfd8 23. Bc3 g5 24. h3 h5 25. a4 Kg7 26. Ne1 Nf4 27. Re4 Kg6 28. h4 Kf5 29. f3 gxh4 30. Kf2 Na7 31. Bd4 Nxb5 32. axb5 Rxd4 33. Rxd4 Bc5 34. Raa4 Kxe5 35. Nc2 Bb6 0-1

[Event "RUS-ch Men Blitz 2019"]
[Site "Sochi"]
[Date "2019.10.20"]
[Round "4.1"]
[White "Grachev, Boris"]
[Black "Morozevich, Alexander"]
[Result "0-1"]
[WhiteElo "2621"]
[BlackElo "2659"]
[Annotator "ChessBase"]
[PlyCount "91"]
[EventDate "2019.10.17"]
[EventType "swiss"]
[EventCountry "RUS"]
[SourceTitle "playchess.com"]
[Source "ChessBase"]
[SourceQuality "1"]
[TimeControl "180+2"]

1. Nf3 {[%emt 0:00:00]} b6 {[%emt 0:00:00]} 2. g3 {[%emt 0:00:07]} Bb7 {[%emt 0:00:01]} 3. Bg2 {[%emt 0:00:01]} e5 {[%emt 0:00:08]} 4. d3 {[%emt 0:00:09]} g6 {[%emt 0:00:11]} 5. c4 {[%emt 0:00:03]} Bg7 {[%emt 0:00:02]} 6. Nc3 {[%emt 0:00:01]} Ne7 {[%emt 0:00:05]} 7. O-O {[%emt 0:00:03]} O-O {[%emt 0:00:01]} 8. Bd2 {[%emt 0:00:18]} c5 {[%emt 0:00:20]} 9. Rb1 {[%emt 0:00:19]} d5 {[%emt 0:00:18]} 10. cxd5 {[%emt 0:00:08]} Nxd5 {[%emt 0:00:02]} 11. a3 {[%emt 0:00:03]} Qd7 {[%emt 0:00:23]} 12. Nxd5 {[%emt 0:00:20]} Bxd5 {[%emt 0:00:02]} 13. Bc3 {[%emt 0:00:01]} Nc6 {[%emt 0:00:09]} 14. b4 {[%emt 0:00:06]} cxb4 {[%emt 0:00:10]} 15. axb4 {[%emt 0:00:01]} Nd4 {[%emt 0:00:14]} 16. Bxd4 {[%emt 0:00:09]} exd4 {[%emt 0:00:02]} 17. b5 {[%emt 0:00:08]} Rac8 {[%emt 0:00:11]} 18. Nd2 {[%emt 0:00:18]} Bxg2 {[%emt 0:00:02]} 19. Kxg2 {[%emt 0:00:01]} Rc5 {[%emt 0:00:06]} 20. Nf3 {[%emt 0:00:15]} Rfc8 {[%emt 0:00:08]} 21. Rb2 {[%emt 0:00:09]} Rxb5 {[%emt 0:00:14]} 22. Qa4 {[%emt 0:00:04]} Rd5 {[%emt 0:00:01]} 23. Qxd7 {[%emt 0:00:07]} Rxd7 {[%emt 0:00:01]} 24. Ra1 {[%emt 0:00:01]} Bf6 {[%emt 0:00:18]} 25. Nd2 {[%emt 0:00:05]} Rc5 {[%emt 0:00:06]} 26. Ne4 {[%emt 0:00:08]} Rc6 {[%emt 0:00:01]} 27. Ra6 {[%emt 0:00:06]} Be7 {[%emt 0:00:05]} 28. Nd2 {[%emt 0:00:08]} Rcc7 {[%emt 0:00:13]} 29. Nc4 {[%emt 0:00:05]} f6 {[%emt 0:00:01]} 30. f4 {[%emt 0:00:02]} Kf7 {[%emt 0:00:01]} 31. Kf3 {[%emt 0:00:01]} Bc5 {[%emt 0:00:04]} 32. g4 {[%emt 0:00:07]} Re7 {[%emt 0:00:01]} 33. Rb5 {[%emt 0:00:11]} Ke8 {[%emt 0:00:01]} 34. Rb2 {[%emt 0:00:04]} Kd8 {[%emt 0:00:02]} 35. Rba2 {[%emt 0:00:04]} Kc8 {[%emt 0:00:03]} 36. h4 {[%emt 0:00:02]} Kb8 {[%emt 0:00:02]} 37. g5 {[%emt 0:00:02]} f5 {[%emt 0:00:05]} 38. Ra1 {[%emt 0:00:03]} Re6 {[%emt 0:00:03]} 39. R6a2 {[%emt 0:00:02]} Rce7 {[%emt 0:00:01]} 40. Ne5 {[%emt 0:00:04]} a5 {[%emt 0:00:04]} 41. Rb1 {[%emt 0:00:03]} Ka7 {[%emt 0:00:04]} 42. h5 {[%emt 0:00:05]} Ka6 {[%emt 0:00:04]} 43. hxg6 {[%emt 0:00:05]} hxg6 {[%emt 0:00:01]} 44. Rh1 {[%emt 0:00:02]} Bd6 {[%emt 0:00:01]} 45. Nc4 {[%emt 0:00:05]} Bc7 {[%emt 0:00:02]} 46. Rha1 {[%emt 0:00:06]} 0-1

[Event "RUS-ch Men Blitz 2019"]
[Site "Sochi"]
[Date "2019.10.17"]
[Round "4.1"]
[White "Drygalov, Andrey"]
[Black "Morozevich, Alexander"]
[Result "1-0"]
[WhiteElo "2484"]
[BlackElo "2659"]
[Annotator "TA"]
[PlyCount "101"]
[EventDate "2019.10.17"]
[EventType "swiss"]
[EventCountry "RUS"]
[SourceTitle "playchess.com"]
[Source "ChessBase"]
[SourceQuality "1"]

{[%evp 9,101,31,132,16,84,74,57,80,70,59,67,74,84,71,78,60,87,67,72,88,80,73,80,71,85,77,101,103,156,102,185,162,159,140,180,170,183,175,160,174,182,190,181,176,181,176,266,274,253,266,307,300,300,307,321,289,254,215,245,195,218,224,293,267,343,333,291,137,370,353,876,875,970,774,753,736,1259,1229,1340,1300,2460,2288,2923,2633,1777,1411,1201,1213,1139,1064,29987,29988,29983,29984]} 1. e4 d6 2. d4 Nf6 3. Nc3 Nbd7 4. f4 e5 5. Nf3 c6 (5... exd4 $14 6. Qxd4 c6) 6. Bc4 {B07: Pirc Defence: Miscellaneous Systems} ({Better is} 6. fxe5 $16 dxe5 7. dxe5) 6... d5 $146 (6... exd4 $1 $11 {keeps the balance.} 7. Nxd4 (7. Qxd4 d5 $11) 7... Nc5) ({Predecessor:} 6... exd4 7. Qxd4 d5 8. exd5 Bc5 9. Qd3 O-O 10. dxc6 bxc6 11. Bd2 Re8+ 12. Kf1 Nb6 13. Qxd8 Rxd8 14. Bd3 Be6 15. b3 {0-1 (34) Jakubiec,E (2189)-Vydeslaver,A (2384) Warsaw 2014}) 7. dxe5 {[%cal Re4d5]} dxc4 8. exf6 {White is slightly better.} Qxf6 9. O-O Bc5+ 10. Kh1 Nb6 11. Qe2 Bg4 12. e5 Qe6 13. Ne4 Be7 $1 14. h3 $36 {[%mdl 2048] White is really pushing.} Bxf3 15. Rxf3 {Black must now prevent f5.} O-O-O 16. Be3 f5 17. Nd2 c5 18. a4 a5 (18... Rd7 $142) 19. Nb1 (19. Re1 $142) 19... Rd7 (19... g5 $16) 20. Nc3 Rhd8 21. Rff1 Qc6 22. Nb5 Kb8 {[#]} 23. Qe1 $1 Nd5 24. Qxa5 {Threatening mate with Qa7+.} b6 25. Qe1 Nb4 26. Qf2 Qe4 27. Rac1 h5 (27... Na2 {keeps fighting.}) 28. Nc3 $18 Qc6 29. Qe2 g6 30. Qxc4 Kb7 31. Qe2 h4 32. Qf3 Qxf3 33. Rxf3 Kc6 34. Rff1 c4 35. Nb5 Bc5 36. Bxc5 Kxc5 37. b3 Rd2 38. bxc4 (38. Nd6 $18 {is more deadly. And now Nb7+ would win.} R8xd6 39. exd6) 38... Na2 $2 {[#]} (38... Nxc2 $16 {was called for.} 39. Nc7 (39. Nd6 Ra8 $16) 39... R8d3) 39. Rce1 Rxc2 $2 (39... Nb4 40. e6 Nc6) 40. e6 Re8 41. Nc7 Re7 42. Nd5 Rxe6 43. Rxe6 Rxc4 44. Nxb6 Rb4 45. Nd7+ Kd5 46. Rxg6 Nc3 47. Nf6+ Kd4 48. Nh5 Rxa4 49. Rd6+ Ke3 50. Rf3+ Ke2 51. Rxc3 {Accuracy: White = 61%, Black = 27%.} 1-0